000 00293nam a22001337a 4500
008 170519b xxu||||| |||| 00| 0 eng d
020 _a9780136032816
041 _aeng
080 _a94(7/8)
100 _a16
101 _aSHH
245 _aTHE AMERICAN JOURNEY
_cGOLDFIELD
942 _2udc
_cBK
999 _c13474
_d13474